000
00361nam a2200169Ia 4500
100
_a
Sharkawi/M.A
650
_a
Electric drives
942
_c
BK
366
_f
17.5
654
_a
drives
245
_a
Fundamentals of Electric Drives
260
_b
Cengage Learning
_c
2000
082
_a
621.46/SHA
_b
SHA
300
_a
314
546
_a
ENGLISH
999
_c
27259
_d
27259